00662nam a2200205Ia 450000500170000000800410001702000150005804000180007304100080009108200230009910000200012224501040014225000120024626000380025830000280029665000330032465000520035765000260040970000210043520230504142213.0210716s2006 xx 000 0 und d a8126502177 cAIMIT LIBRARY aeng a004.6005 21bCROD aCrowder, David. aWeb design with html flash javascript and E- commerce bible /cBy David Crowder and Rhonda Crowder. a1st ed. aNew Delhi ;bWiley India ,c2006. axx,740p. ;bPBc23.5 cm aBuilding web pages and sites aEnhancing web pages with fonts images and color aDesigning web layouts aCrowder, Rhonda.